| 000 | 00679cam a22002411 4500 | ||
|---|---|---|---|
| 999 |
_c9703 _d9703 |
||
| 001 | 9703 | ||
| 003 | BD - JhCC | ||
| 005 | 20180403194402.0 | ||
| 008 | 180322s1978 ru af 000 0beng | ||
| 035 |
_aOCLC ocm04955996 from D961029M _a(BD - JhCC)9703 |
||
| 040 |
_aDLC _cDLC _dEQO _dBD - JhCC |
||
| 041 | 1 |
_aeng _hrus |
|
| 050 | 0 |
_aPG3385 _b.S4913 |
|
| 082 | 0 |
_a891.73/3 _219 _bKAR |
|
| 100 | 1 |
_aKarenina, Anna _d1893-1984. |
|
| 240 | 1 | 0 | _aLev Tolstoĭ. |
| 245 | 1 | 0 |
_aLev Tolstoy / _cAnna Karenina |
| 260 |
_aMoscow : _bProgress Publishers, _cc1978. |
||
| 300 |
_a584 p. : _bill. ; _c21 cm. |
||
| 600 | 1 | 0 |
_aTolstoy, Leo, _cgraf, _d1828-1910. |
| 942 |
_2ddc _cBK |
||